000 00860nam a22002657a 4500
003 UA-OsUOA
001 61479
007 ta
008 20090706b un ||||| |||| 00| 0 ukr d
090 _a101
_bВ38
942 _cMG
040 _aUA-OsUOA
_brus
_cUA-OsUOA
_dUA-OsUOA
245 _aВестник Санкт-Петербургского университета. Серия 6. Философия. Культурология. Политология. Право. Международные отношения
_cРедактор Романова У.Л.
300 _a264 с.
955 _a1
041 _arus
080 _a101
022 _a1995-0055
260 _aСПб
246 3 1 _aНаучно-теоретический журнал
_n
044 _aRU
962 _a1946
099 _a36846
650 7 _a1 Філософські науки
_2UDC
999 _c348038
_d348038